000 00662nam a2200241Ia 4500
008 160216s9999 xx 000 0 und d
020 _a81-8061-187-6
050 _aMAIN RM 300
050 _b.T73 2003
100 _aTripathi, KD
245 _aEssentials of medical pharmacology /
245 _cKD Tripathi.
250 _a5th Edition
260 _aNew Delhi, India :
260 _bJaypee Brothers Medical Publishers Ltd.
260 _c2003
300 _a875 pages :
300 _bcol. ill. ;
300 _c25 cm.
500 _aIncludes bibliographical references and index.
650 _aPharmaceutical technology.
650 _aPharmacology.
999 _c290903
_d290903